000 00516 a2200157 4500
001 ART_48097
005 20260410161607.0
008 260409a
245 1 0 _aAvances en el proyecto de principios de exposición o revelación desarrollado por el IASB
100 1 _aBertoldi, Norma
700 1 _aPriotto, Hugo C.
700 1 _aQuadro, Martín E.
700 1 _aVeteri, Liliana J.
700 1 _aWerbin, Eliana M.
773 0 _tProfesional & Empresaria
_g- Año XIX, Nº 231 (dic. 2018)
_wREV70
999 _c10252
_d10252